000 01120cam a22003137a 4500
003 CHAP
005 20220329140013.0
008 971013s1964 r 00010 d
010 _a45369
011 _a46341
035 _a50482
040 _cCHAP
090 _aFolleto 1373
100 0 0 _aTerán, A. L.
_9112379
245 0 _aObservaciones sobre la producción de machos en microhimenópteros uniparentales y recuantos de cohinillas en quintas cítricas y su relación con la evaluación del control biológico
260 _aTucumá :
_bUniversidad Nacional de Tucumán, Fac. de Agronomía y Zootecnia,
_c1964
300 _a29p.
_b: ilus.
490 0 _aMiscelánea
_v; 13
590 _aBATCH-UPD
_b10
_c20130110
_lUCH01
_h2001
590 _aBATCH-UPD
_b10
_c20130410
_lUCH01
_h1321
590 _aBATCH-UPD
_b10
_c20130914
_lUCH01
_h1046
590 _aCONVERSION
_b10
_c20130109
_lUCH01
_h1325
650 1 4 _aControl biológico de plagas.
_927587
650 1 4 _aHimenópteros.
_955474
830 0 _aMiscelánea
_v; 13
_976171
901 _aBK
942 _cFOLL
949 _aFolleto 1373
_bBC
_cFOLL
_d-113421
_eTS1
_i50482
_si
999 _c45369
_d45369